Business Mirror

Detalles Bibliográficos
Formato: eBook
Lenguaje:español
Publicado: [Pakistan] : Asianet, [2012] -
Materias:
Acceso en línea:Acceso restringido

MARC

LEADER 00000nam a22000007a 4500
005 2013062103133.0
007 cr|||| ||||
008 130621c20129999ph |||| s|||| 0|||a1spa d
035 |a 11328 
040 |a vLex 
090 |c 4375  |d 4375 
245 0 0 |a Business Mirror  |h [Recurso electrn̤ico] 
256 |a Servicio en ln̕ea 
260 |a [Pakistan] :  |b Asianet,  |c [2012] - 
300 |a 1 recurso electrn̤ico 
506 1 |a Contenido solo disponible en los productos indicados  |d vLex Global  |d vLex Global (Academic Edition, excluding Law Schools)  |d vLex Global (U.S. Academic Edition, Law Schools)  |d vLex Global (U.S. Academic Edition, excluding Law Schools)  |d vLex Global (Academic Edition, Law Schools) 
651 4 |a Tailandia  |v Diarios 
740 0 |a vLex Revistas (Servicio en ln̕ea) 
856 4 0 |u http://vlex.com/source/business-mirror-11328  |z Acceso restringido 
942 |c REV 
999 0 |a Newspapers